Immobilization of a pH-low insertion peptide onto SiO2/aminosilane-coated magnetite nanoparticles; Mendeleev Communications; Vol. 29, iss. 6
| Parent link: | Mendeleev Communications Vol. 29, iss. 6.— 2019.— [P. 631-634] |
|---|---|
| Korporativní autor: | |
| Další autoři: | , , , , , , , , , , , , |
| Shrnutí: | Title screen The covalent immobilization of a pH-low insertion peptide to aminosilane-coated magnetic nanoparticles with two core diameters (10 and 20 nm) was carried out. The materials obtained were characterized by TEM, XRD, vibrating sample magnetometry, DLS, IR spectroscopy, TGA and elemental analyses. The materials did not have significant cytotoxicity, and they can be used as MRI-guided nanocarriers for tumour targeting. Режим доступа: по договору с организацией-держателем ресурса |
| Jazyk: | angličtina |
| Vydáno: |
2019
|
| Témata: | |
| On-line přístup: | https://doi.org/10.1016/j.mencom.2019.11.008 |
| Médium: | Elektronický zdroj Kapitola |
| KOHA link: | https://koha.lib.tpu.ru/cgi-bin/koha/opac-detail.pl?biblionumber=661612 |
MARC
| LEADER | 00000naa0a2200000 4500 | ||
|---|---|---|---|
| 001 | 661612 | ||
| 005 | 20250416151224.0 | ||
| 035 | |a (RuTPU)RU\TPU\network\32293 | ||
| 035 | |a RU\TPU\network\27294 | ||
| 090 | |a 661612 | ||
| 100 | |a 20200121d2019 k||y0rusy50 ba | ||
| 101 | 0 | |a eng | |
| 135 | |a drcn ---uucaa | ||
| 181 | 0 | |a i | |
| 182 | 0 | |a b | |
| 200 | 1 | |a Immobilization of a pH-low insertion peptide onto SiO2/aminosilane-coated magnetite nanoparticles |f A. M. Demin [et al.] | |
| 203 | |a Text |c electronic | ||
| 300 | |a Title screen | ||
| 320 | |a [References: 21 tit.] | ||
| 330 | |a The covalent immobilization of a pH-low insertion peptide to aminosilane-coated magnetic nanoparticles with two core diameters (10 and 20 nm) was carried out. The materials obtained were characterized by TEM, XRD, vibrating sample magnetometry, DLS, IR spectroscopy, TGA and elemental analyses. The materials did not have significant cytotoxicity, and they can be used as MRI-guided nanocarriers for tumour targeting. | ||
| 333 | |a Режим доступа: по договору с организацией-держателем ресурса | ||
| 461 | |t Mendeleev Communications | ||
| 463 | |t Vol. 29, iss. 6 |v [P. 631-634] |d 2019 | ||
| 610 | 1 | |a электронный ресурс | |
| 610 | 1 | |a труды учёных ТПУ | |
| 610 | 1 | |a иммобилизация | |
| 610 | 1 | |a пептиды | |
| 610 | 1 | |a pH | |
| 610 | 1 | |a магнетиты | |
| 701 | 1 | |a Demin |b A. M. |g Aleksandr Mikhaylovich | |
| 701 | 1 | |a Nizamov |b T. R. |g Timur Radikovich | |
| 701 | 1 | |a Pershina |b A. G. |c biologist |c Associate Professor of Tomsk Polytechnic University, Candidate of biological sciences |f 1981- |g Aleksandra Gennadievna |3 (RuTPU)RU\TPU\pers\32466 |9 16414 | |
| 701 | 1 | |a Mekhaev |b A. V. |g Aleksandr Vladimirovich | |
| 701 | 1 | |a Uymin |b M. A. |g Mikhail Aleksandrovich | |
| 701 | 1 | |a Minin |b A. S. |g Artem Sergeevich | |
| 701 | 1 | |a Zakharova |b A. A. |g Aleksandra Andreevna | |
| 701 | 1 | |a Krasnov |b V. P. |g Viktor Pavlovich | |
| 701 | 1 | |a Abakumov |b M. A. |g Maksim Artemovich | |
| 701 | 1 | |a Zhukov |b D. G. |g Dmitry Gennadjevich | |
| 701 | 1 | |a Savchenok |b A. G. |g Aleksandr Grigorjevich | |
| 701 | 1 | |a Shchetinin |b I. V. |g Igor Viktorovich | |
| 701 | 1 | |a Mazhuga |b A. G. |g Aleksandr Georgievich | |
| 712 | 0 | 2 | |a Национальный исследовательский Томский политехнический университет |b Исследовательская школа химических и биомедицинских технологий |c (2017- ) |3 (RuTPU)RU\TPU\col\23537 |
| 801 | 2 | |a RU |b 63413507 |c 20200121 |g RCR | |
| 850 | |a 63413507 | ||
| 856 | 4 | |u https://doi.org/10.1016/j.mencom.2019.11.008 | |
| 942 | |c CF | ||